| 000 | 00443nam a22001577a 4500 | ||
|---|---|---|---|
| 005 | 20250303083943.0 | ||
| 008 | 250303b |||||||| |||| 00| 0 eng d | ||
| 020 | _a9780940780507 | ||
| 050 |
_aRM301.28 _b.O46 |
||
| 100 | _aOlson, James M. | ||
| 245 |
_aClinical Pharmacology Made Ridiculously Simple/ _cJames M. Olson |
||
| 250 | _aed. 2 | ||
| 260 |
_aMiami _bMedMaster _c2001 |
||
| 300 |
_aix. 164p. _bill. _c27.5cm |
||
| 942 |
_2lcc _cBK _eed. 2 _n0 |
||
| 999 |
_c4454 _d4454 |
||